000 00468nam a2200193Ia 4500
008 151121s9999||||xx |||||||||||||| ||und||
082 _aC। S।
082 _bHNW-51337
100 _aGupta Rupa
245 _aStories Of Gopal Bhand
260 _b"Hemkant Press, N। Delhi।"
260 _c--
300 _a72
600 _aGupta Rupa
630 _aStories Of Gopal Bhand
700 _aGupta Rupa
730 _aStories Of Gopal Bhand
942 _cBOOK
999 _c1235762
_d1235759